[Event "CRO-ch"]
[Site "Zagreb"]
[Date "2004.11.23"]
[Round "8"]
[White "Kozul, Zdenko"]
[Black "Stevic, Hrvoje"]
[Result "0-1"]
[WhiteElo "2640"]
[BlackElo "2539"]
[Annotator "Huzman,A"]
[PlyCount "194"]
[EventDate "2004.11.16"]
[EventType "tourn"]
[EventRounds "11"]
[EventCountry "CRO"]
[EventCategory "10"]
[SourceTitle "CBM 105"]
[Source "ChessBase"]
[SourceDate "2005.04.11"]
[SourceVersion "1"]
[SourceVersionDate "2005.04.11"]
[SourceQuality "1"]

1. d4 d5 2. c4 dxc4 3. Nf3 Nf6 4. e3 e6 5. Bxc4 c5 6. O-O a6 7. a3 b5 8. Ba2
Bb7 9. Nc3 Nbd7 10. Re1 Be7 11. e4 cxd4 12. Nxd4 Ne5 13. Bf4 Ng6 14. Bg3 O-O
15. e5 Nd5 16. Bxd5 (16. Ne4 Ndf4 17. Qd2 Nh5 $1 18. Rad1 Nxg3 19. Nxg3 Qb6 $15
{[%csl Rd4,Re5][%cal Yf8d8,Yd8d1] 0-1 Cebalo,M-Cvitan,O/Pula 1998/CBM 64/
[Huzman] (32)}) (16. Nxd5 Bxd5 17. Bxd5 Qxd5 18. Nf5 Qxd1 19. Nxe7+ Nxe7 20.
Rexd1 Nd5 21. Rac1 Rac8 $15 {[%csl Gd5,Rg3]}) 16... Bxd5 17. Qg4 Rc8 (17... Bb7
18. Rad1 Qb6 19. h4 Rfd8 20. h5 Nf8 21. Bh4 Bxh4 22. Qxh4 Rd7 23. Re3 Rad8 24.
Nce2 h6 $11 {1/2-1/2 Kozul,Z-Charbonneau,P/Calvia ESP 2004/(72)}) 18. Rad1 Rc4
19. Nxd5 Qxd5 20. b3 Rc3 21. h4 h5 22. Qxh5 Rxg3 23. fxg3 Bc5 24. Kh1 {White
repeats the game Cebalo-Flear. I think that the new move of White will not
change the assesment of the position.} (24. Kh2 Bxd4 25. Qg5 Rc8 26. Re2 Be3
27. Rxd5 Bxg5 28. Rd6 Bc1 $17 {0-1 Cebalo,M-Flear,G/Asti 1998/EXT 2003 (35)})
24... Bxd4 25. Qg4 Rd8 26. Qg5 Rc8 (26... Rd7 $5 27. Rd3 Ne7 28. Red1 Nc6 $17)
27. Re2 Be3 $5 (27... Qc5 28. Red2 (28. b4 Qc3 29. h5 Nxe5 30. Rxd4 Qxd4 31.
Qxe5 Rc1+ (31... Qxe5 32. Rxe5 Rc3 $19) 32. Kh2 Qg1+ 33. Kh3 Qh1+ 34. Kg4 Rf1
$19) 28... Bc3 29. Rd8+ Rxd8 30. Rxd8+ Nf8 31. h5 f6 32. Qg4 Qe7 33. h6 Bxe5
34. Qg6 $132) 28. Rxd5 Bxg5 29. Rd7 (29. Rd6 Bc1 30. Rxa6 Rc3 $17) 29... Bd8
30. Kh2 Ne7 31. Rf2 Kf8 32. Rd6 a5 33. Rxe6 Nc6 34. h5 Bg5 (34... Be7 35. h6
gxh6 36. Rxh6 Kg7 $17) 35. Rg6 Bf6 $6 (35... Be3 $1 36. Rf1 (36. Rf3 Nd4 37.
Rf1 Re8 $17) 36... Nxe5 $17) 36. Rgxf6 $8 gxf6 37. exf6 $44 Nd4 38. g4 Ne6 39.
Kg3 $2 (39. Rf5 Rc5 $17) 39... Rc3+ 40. Kh4 Rxb3 41. Rf5 Kg8 42. g5 a4 43. Rd5
$2 (43. Re5 Rb2 44. g6 Rxg2 45. Rxb5 fxg6 46. hxg6 Rxg6 47. Ra5 $15) 43... Rb2
44. g3 (44. g6 $15) 44... b4 45. axb4 a3 46. Ra5 a2 47. g4 (47. g6 Rxb4+ 48. g4
$11) 47... Nf8 48. Ra8 Kh7 49. Ra7 Kg8 50. Ra6 Rh2+ 51. Kg3 Rb2 52. Ra7 Nd7 53.
Ra8+ Kh7 54. Ra7 Kg8 55. Ra8+ Kh7 56. Ra7 Kg8 57. Ra8+ Kh7 58. Ra7 Kg8 59. b5
$6 Rxb5 60. Rxa2 Rxg5 61. Ra8+ $2 (61. Kf4 Rd5 62. g5 $11) 61... Kh7 62. Ra7
Rd5 63. Kh4 Ne5 64. Re7 Nf3+ 65. Kg3 Ng5 $17 66. Kf4 Kh6 67. Re8 Rd4+ 68. Kf5
Rd5+ 69. Kf4 Ne6+ 70. Ke4 Rd4+ 71. Ke5 Rxg4 $19 72. Rh8+ Kg5 73. Rh7 Nd8 74.
Rh8 Ne6 75. Rh7 Nd8 76. Rh8 Nc6+ 77. Kd6 Rc4 78. h6 Kxf6 79. Rg8 Rh4 80. Kxc6
Rxh6 81. Kd5 Rh4 $1 {[%mdl 4096]} 82. Rf8 (82. Rg1 Rf4 $19) 82... Rg4 83. Rh8
Kg5 84. Rh1 f5 85. Rf1 Rg3 $1 $19 86. Ke5 Re3+ 87. Kd4 f4 88. Rg1+ Kh4 89. Rg8
Re7 90. Kd3 f3 91. Kd2 f2 92. Rf8 Kg3 93. Rg8+ Kh2 94. Rf8 Kg2 95. Rg8+ Kf1 96.
Kd1 Rd7+ 97. Kc2 Rd5 0-1

[Event "GRE-ch"]
[Site "Athens"]
[Date "2004.12.06"]
[Round "3"]
[White "Mastrovasilis, Athanasios"]
[Black "Moutousis, Konstantinos"]
[Result "1/2-1/2"]
[WhiteElo "2502"]
[BlackElo "2422"]
[Annotator "Huzman,A"]
[PlyCount "97"]
[EventDate "2004.12.04"]
[EventType "tourn"]
[EventRounds "9"]
[EventCountry "GRE"]
[EventCategory "10"]
[SourceTitle "CBM 105"]
[Source "ChessBase"]
[SourceDate "2005.04.11"]
[SourceVersion "1"]
[SourceVersionDate "2005.04.11"]
[SourceQuality "1"]

1. d4 d5 2. Nf3 Nf6 3. c4 dxc4 4. e3 e6 5. Bxc4 c5 6. O-O a6 7. Bb3 b5 8. a4 b4
9. Nbd2 Bb7 10. e4 Be7 11. e5 Nfd7 12. Nc4 O-O 13. Bc2 b3 14. Bxb3 cxd4 15.
Qxd4 Nc5 $146 16. Bd1 (16. Qxd8 Rxd8 17. Bd1 Nc6 18. Bd2 (18. Be3 Nb4 19. Be2
Rac8 $44) 18... Nd3 $44) 16... Nc6 (16... Qxd4 17. Nxd4 Nbd7 18. f4 Rfc8 19.
Be2 Bd5 20. Ne3 Be4 21. b4 Nd3 22. Bxd3 Bxd3 23. Rd1 Be4 24. Nxe6 fxe6 25. Rxd7
Bxb4 26. Ba3 $16) 17. Qg4 {[%cal Gc1h6]} Qd3 18. Ra3 (18. Bh6 Qg6 19. Qxg6 hxg6
20. Be3 Rfd8 (20... Nb4 21. Nd6 $16) 21. Be2 Nb4 $44) 18... h5 (18... Qe4 $5
19. Qxe4 Nxe4 $44) 19. Qf4 Qg6 20. Nd6 Bxd6 21. exd6 Nd3 (21... e5 22. Qg5 Qxd6
23. Qxh5 $16) 22. Qe3 Nxc1 23. Qxc1 Nd4 24. Qf4 Nf5 25. g3 $6 (25. Bc2 $5 Nd4 (
25... Rfd8 26. Bxf5 Qxf5 (26... exf5 27. Rd1 $16) 27. Qxf5 exf5 28. Rd1 Rac8
29. Rc3 $16) 26. Qxd4 Qxc2 27. Ne5 $36 {[%cal Ga3g3]}) 25... Rad8 26. Nh4 $2 (
26. Ne5 $1 Qf6 (26... Qh7 27. Bc2 Rxd6 28. Qb4 Rd5 29. Qxb7 Rxe5 30. Qxa6 $16)
27. d7 g5 28. Qb4 Qxe5 29. Qxb7 Qd6 30. Be2 Nd4 31. Qxa6 Qxa6 32. Bxa6 Rxd7 $16
) 26... Nxh4 27. Qxh4 Rxd6 $14 28. Bxh5 Qc2 29. Qb4 Qc6 $1 30. Bf3 Qb6 $1 $44 {
[%mdl 256]} 31. Qxb6 Rxb6 32. Rb1 Bxf3 33. Rxf3 Rfb8 34. b3 g5 $1 35. Kg2 Kg7
36. Rc3 Kg6 37. h3 a5 38. Re1 Rxb3 39. Rc5 Ra3 40. Rxa5 Rb2 41. Ree5 f6 42. Re1
(42. Rxe6 Raa2 43. h4 Rxf2+ 44. Kh3 Rh2+ 45. Kg4 gxh4 $11) 42... Raa2 43. Rf1
e5 44. Rb5 Rc2 (44... Rxb5 45. axb5 Rb2 $11) 45. Rb4 Ra3 46. Rfb1 Raa2 47. Rf1
Ra3 48. Rfb1 Raa2 49. Rf1 1/2-1/2

[Event "USA-ch"]
[Site "San Diego"]
[Date "2004.12.03"]
[Round "8"]
[White "Finegold, Benjamin"]
[Black "Krush, Irina"]
[Result "1/2-1/2"]
[WhiteElo "2531"]
[BlackElo "2464"]
[Annotator "Huzman,A"]
[PlyCount "142"]
[EventDate "2004.11.24"]
[EventType "swiss"]
[EventRounds "9"]
[EventCountry "USA"]
[SourceTitle "CBM 105"]
[Source "ChessBase"]
[SourceDate "2005.04.11"]
[SourceVersion "1"]
[SourceVersionDate "2005.04.11"]
[SourceQuality "1"]

1. d4 d5 2. c4 dxc4 3. e3 Nf6 4. Bxc4 e6 5. Nf3 c5 6. O-O a6 7. Bd3 cxd4 8.
exd4 Be7 9. Ne5 O-O 10. Be3 (10. Nc3 Nc6 11. Nxc6 bxc6 12. Na4 (12. Be3 Nd5 (
12... Bb7 13. Qc2 h6 14. Be2 Nd5 15. Na4 a5 16. Bf3 Ba6 17. Rfd1 Bb5 18. Nc5 a4
19. Rac1 Bd6 20. Qe4 Qe7 21. Re1 a3 22. b3 Rae8 23. Bd2 e5 $132 {0-1 Gershon,
A-Van den Doel,E/Amsterdam 2001/CBM 83 ext (50)}) 13. Rc1 a5 14. Na4 Ba6 15.
Bxa6 Rxa6 16. Qe2 Qa8 17. Rc4 Qb7 18. Rfc1 Qb5 19. Nc3 Qb6 20. Na4 Qb5 21. b3
Rd8 22. g3 h6 {1/2-1/2 Astrom,R-Degerman,L/Borlange 1995/CBM 49 ext (22)}) (12.
Bg5 a5 13. Rc1 Ba6 14. Bxa6 Rxa6 15. Qe2 Rb6 16. Be3 Nd5 17. Na4 Rb4 18. b3 Bf6
19. Rfd1 Ne7 20. Nc5 (20. Qd3 $5 $14) 20... Nf5 $11 {1/2-1/2 Gelfand,B-Huebner,
R/Wijk ann Zee 1996/Inf 65/[Huebner,R] (25)}) 12... Bb7 (12... Rb8 13. b3 Qd5
14. Bf4 Rb4 15. Be5 $14 c5 $2 16. Bc4 Qc6 17. Nxc5 $16 {1-0 Malaniuk,
V-Zlochevskij,A/Muenster 1995/EXT 2001 (41)}) 13. Bf4 $1 Qa5 14. Qc2 h6 15. a3
Nd7 16. Rfd1 Qd8 17. b4 $16 {1-0 Dreev,A-Xu Jun/Taiyuan 2004/CBM 102/[Huzman] 
(39)}) 10... b5 (10... Bd7 11. Nc3 Nc6 12. Rc1 Rc8 13. a3 Bd6 14. Nxd7 Qxd7 15.
Qf3 Ne7 16. Bg5 Ned5 $11 {1/2-1/2 Kramnik,V-Karpov,A/Dortmund 1999/CBM 72/
[Huzman] (26)}) 11. Qf3 Nd5 (11... Qd5 12. Qg3 Bb7 13. Nc3 Qd6 14. Bh6 Ne8 15.
Rad1 $36 f6 $140 16. Ne4 Qd5 17. Nf3 Qxa2 18. Bxg7 $1 Nxg7 19. Qc7 Bd5 20. Qxe7
Nc6 21. Qc5 $36) 12. Nc3 (12. Qh3 $5 g6 13. Nc3 Bb7 14. Bh6 Re8 15. Rfe1 $36)
12... Bb7 13. Be4 b4 ({Black would have more chances for equality after} 13...
Nd7 $5 14. Nxd5 (14. Bxd5 Nxe5 15. dxe5 Bxd5) 14... Bxd5 (14... exd5 15. Bxh7+
Kxh7 16. Qh3+ Kg8 17. Qxd7 $16) 15. Bxd5 (15. Nc6 Bxe4 16. Qxe4 Nf6 $1 $11)
15... Nxe5 16. dxe5 Qxd5 17. Qxd5 exd5 18. Rfd1 Rfd8 19. Rac1 Rac8 $11) 14.
Nxd5 Bxd5 15. Rfc1 $14 Ra7 16. Bxd5 (16. Rc2 $5) 16... Qxd5 17. Qxd5 exd5 18.
Rc2 {Control over file ''c'' gives White a clear advantage.} f6 19. Nd3 Kf7 20.
Rac1 g5 21. Rc7 (21. f4 $1 Nd7 22. Rc7 Rfa8 23. fxg5 (23. g4 $5 $16) 23... fxg5
24. Rf1+ Kg7 25. Rxa7 Rxa7 26. Rf5 Nb6 27. Ne5 $16) 21... Rxc7 22. Rxc7 Ke6 23.
f4 $6 ({The right plan for White was to exploit the weaknesses of Black on the
queen's side.} 23. Bd2 $1 a5 24. Nc5+ Bxc5 25. Rxc5 Re8 26. Kf1 $16) 23... Re8
24. Kf2 (24. Rb7 $5 a5 25. g4 $36) 24... Kd6 25. Ra7 (25. Rc2 Nc6 $11) 25...
Kc6 $1 26. Nc5 Kb6 27. Rb7+ Kc6 28. Rxb4 gxf4 29. Bd2 $2 ({After} 29. Bxf4 Bxc5
(29... Nd7 30. Nxa6 Bxb4 31. Nxb4+ Kb5 32. Nxd5 Kc4 33. Nc7 $16) 30. dxc5 Nd7
31. Be3 Nxc5 32. Kf3 Nd7 $132 {a complicated endgame appeared.}) 29... Nd7 (
29... Bxc5 30. dxc5 Nd7 31. Rxf4 $16 {[%csl Rd5,Rf6,Rh7]}) 30. Nxa6 $2 (30. Nd3
Bxb4 31. Nxb4+ Kb5 32. b3 Re4 33. a4+ Kb6 34. Nxd5+ Kc6 35. Nb4+ Kd6 $15) 30...
Ra8 $1 31. Ra4 Kb7 $17 32. Bb4 (32. Ra5 Rxa6 33. Rxd5 Kc6 $17) 32... Bd8 (32...
Bxb4 33. Rxb4+ Kxa6 34. Kf3 Re8 $17) 33. Nc5+ Nxc5 34. Rxa8 Ne4+ 35. Kf3 Kxa8
36. Kxf4 $132 Kb7 (36... Bc7+ 37. Kf5 Bxh2 38. Ke6 $132) 37. Kf5 Kc6 38. h4 Bb6
39. Bc3 Kb5 40. a4+ $1 Kc4 (40... Kxa4 41. Ke6 Kb3 42. Kxd5 Nxc3+ 43. bxc3 Kxc3
44. Ke4 Bxd4 45. g4 $11) 41. a5 Ba7 42. g4 Nxc3 43. bxc3 Kxc3 44. Kxf6 Kxd4 45.
g5 Ke4 46. Kg7 d4 47. Kxh7 d3 48. g6 Bd4 49. a6 d2 50. a7 Bxa7 51. g7 d1=Q 52.
g8=Q Qh5+ 53. Kg7 Bd4+ 54. Kf8 Bc5+ 55. Kg7 Qg4+ 56. Kf7 Qd7+ 57. Kg6 Qf5+ 58.
Kg7 Bd4+ 59. Kh6 Be3+ 60. Kg7 Qe5+ 61. Kg6 Qd6+ 62. Kf7 Qd5+ 63. Kg7 Bd4+ 64.
Kf8 Qd8+ 65. Kf7 Qd7+ 66. Kg6 Qf5+ 67. Kh6 Be3+ 68. Kg7 Qg4+ 69. Kf7 Qf5+ 70.
Kg7 Bd4+ 71. Kh6 Be3+ 1/2-1/2

[Event "USA-ch"]
[Site "San Diego"]
[Date "2004.11.25"]
[Round "2"]
[White "Shulman, Yuri"]
[Black "Kaidanov, Gregory S"]
[Result "1/2-1/2"]
[WhiteElo "2549"]
[BlackElo "2611"]
[Annotator "Huzman,A"]
[PlyCount "60"]
[EventDate "2004.11.24"]
[EventType "swiss"]
[EventRounds "9"]
[EventCountry "USA"]
[SourceTitle "CBM 105"]
[Source "ChessBase"]
[SourceDate "2005.04.11"]
[SourceVersion "1"]
[SourceVersionDate "2005.04.11"]
[SourceQuality "1"]

1. d4 d5 2. c4 dxc4 3. Nf3 a6 4. e3 Nf6 5. Bxc4 e6 6. O-O c5 7. e4 Nxe4 8. d5
Be7 9. Re1 (9. dxe6 Bxe6 (9... fxe6 10. Qe2 Nf6 11. Ng5 Nc6 12. Nxe6 Bxe6 13.
Qxe6 Rf8 14. Qh3 Nd4 15. Nc3 Qd7 $11 {0-1 Sagalchik,O-Krush,I/Denver 1998/CBM
67 ext (47)}) 10. Qxd8+ (10. Bxe6 Qxd1 11. Bxf7+ Kxf7 12. Rxd1 Bf6 13. Nc3 Nxc3
14. bxc3 Bxc3 15. Rb1 b5 16. Be3 Bf6 (16... c4 $5) 17. Bxc5 Rc8 18. Bd4 Bxd4
19. Rxd4 Ra7 $11 {1/2-1/2 Maksimovic,B-Stojanovic,D/Kragujevac 2000/EXT 2001 
(39)}) 10... Bxd8 (10... Kxd8 11. Bxe6 fxe6 12. Re1 Nd6 13. Rxe6 (13. Nc3 Nc6
14. Na4 Nf5 15. Ne5 (15. Ng5 $1 $16) 15... Nfd4 (15... Nxe5 $142 16. Rxe5 Bd6
17. Rxe6 Re8 $11) 16. Nxc6+ Nxc6 17. Rxe6 Nd4 18. Re5 $1 Bd6 19. Rd5 Kc7 20.
Nxc5 $16 {1-0 Aleksandrov,A-Waitzkin,J/New York 1998/CBM 64/[Huzman] (48)})
13... Kd7 14. Re2 Nc6 15. Nc3 Rae8 16. Na4 (16. Bf4 Bf6 17. Rd2 Nd4 18. Nxd4
Bxd4 19. Rad1 Nf5 20. Ne2 Kc6 21. Nxd4+ Nxd4 (21... cxd4 $5) 22. Be3 Nf5 23.
Bxc5 $16 {1-0 Djuric,V-Vasic,M/Obrenovac 2002/CBM 86 ext (52)}) 16... Nf5 17.
Bf4 Ncd4 18. Ne5+ Kc7 19. Nf7+ Bd6 20. Rxe8 Rxe8 21. Nxd6 Nxd6 22. Kf1 Kc6 $11
{1-0 Bunzmann,D-Arbakov,V/Stuttgart 1998/EXT 2002 (45)}) 11. Bxe6 fxe6 12. Re1
Nf6 (12... Nd6 13. Bf4 Nf5 14. Rxe6+ Kf7 15. Re5 Nd4 16. Rxc5 Nxf3+ 17. gxf3
Nc6 18. Nc3 Be7 19. Rc4 Rhd8 $11 {1-0 Hebden,M-Cooper,L/Port Erin 2000/CBM 78
ext (60)}) 13. Rxe6+ (13. Ng5 O-O 14. Nxe6 Re8 15. Nc3 Nbd7 16. Bf4 Ba5 {
1/2-1/2 Nejkirch,O-Clarke,P/Leipzig,60}) 13... Be7 14. Nc3 (14. Bg5 Nc6 15. Nc3
Kf7 16. Rae1 Rhe8 $15 {[%cal Yc6d4,Ye7f8] 0-1 Hebden,M-Kaidanov,G/Elista 1998/
CBM 66 ext/[Huzman] (42)}) 14... Nc6 15. Bf4 O-O 16. Rae1 Rfe8 17. Ne5 Nd8 18.
Rb6 Bf8 19. Kf1 Re6 20. Nc4 $14 {1/2-1/2 Aleksandrov,A-Sadler,M/Koge 1997/EXT
2000 (61)}) 9... b5 (9... exd5 10. Qxd5 Qxd5 (10... Nd6 11. Bd3 O-O (11... c4
12. Bc2 Nc6 13. Bf4 Be6 14. Qh5 Qa5 15. Qxa5 Nxa5 16. Nd4 Kd7 (16... Nc6 $5)
17. Nc3 Nc6 18. Nxe6 fxe6 19. Rad1 $36 {1-0 Rausis,I-Ivanov,J/Cappelle la
Grande 1998/CBM 63 ext (30)}) 12. Bf4 (12. Nc3 Nc6 13. Bg5 Bxg5 14. Nxg5 h6 15.
Qxc5 Qxg5 (15... hxg5 $1 16. Rad1 Qf6 $17) 16. Qxd6 $13 {1/2-1/2 Hebden,
M-Duncan,C/Hastings 1999/EXT 2000 (54)}) 12... Nf5 $2 (12... Be6 13. Qh5 g6 14.
Qh6 $44) (12... Nc6 $5 13. Rxe7 Qxe7 14. Bxd6 Rd8 15. Qxc6 Rxd6 16. Qxc5 $14)
13. Nc3 $1 $16 {1-0 Gelfand,B-Lautier,J/Belgrade 1997/CBM 62/[Gelfand] (40)})
11. Bxd5 Nf6 12. Nc3 Nc6 13. Bg5 (13. Bf4 Nb4 14. Bxb7 Bxb7 15. Bd6 Ng8 16.
Rad1 Kf8 17. Bxe7+ Nxe7 18. Rd7 Bxf3 19. Rexe7 Bh5 $19 {0-1 Allen,A-Le Thi
Phuong Lien/Budapest 1997/EXT 99 (37)}) 13... Be6 14. Bxe6 fxe6 15. Rxe6 Kf7
16. Rae1 Rhe8 17. h3 h6 18. Bf4 Bf8 19. Rxe8 Rxe8 20. Rxe8 {1/2-1/2 Shulman,
Y-Sherbakov,R/St Petersburg 1998/CBM 67 ext (20)}) (9... Nd6 10. Bb3 O-O (10...
c4 11. Bc2 O-O 12. dxe6 Nc6 13. exf7+ Rxf7 14. Ne5 Nxe5 15. Rxe5 Bf8 16. Nc3
Qf6 17. Qe1 Bf5 18. Nd5 Qg6 19. Nf4 Qf6 20. Nd5 Qg6 21. Nf4 {1/2-1/2 Kononenko,
T-Maric,A/Budva 2003/CBM 96 ext (21)}) 11. Nc3 Nf5 12. Bf4 Bf6 13. dxe6 Bxe6
14. Bxe6 fxe6 15. Qb3 Nc6 16. Qxb7 Nfd4 (16... Ncd4 $5 17. Nxd4 Bxd4 $36) 17.
Nxd4 Nxd4 $132 {1-0 Sasikiran,K-Murali Krishnan,B/Chennai 2000/EXT 2001 (38)})
10. Rxe4 bxc4 11. Nc3 (11. Qa4+ Bd7 (11... Qd7 12. Qxd7+ Bxd7 13. Nc3 $44 {
[%cal Gc1f4]}) 12. Qxc4 exd5 13. Qxd5 Bc6 14. Qxd8+ Kxd8 15. Re3 Bf6 $11) 11...
Bb7 ({I think that a more precise continuation was} 11... O-O 12. Bf4 (12. Qe2
exd5 (12... Bb7 13. dxe6 Bxe4 14. Qxe4 Ra7 15. exf7+ Kh8 (15... Rxf7 16. Ne5
Rf6 17. Qxc4+ Kf8 18. Be3 $44) 16. Qxc4 Bf6 17. Be3 $13) 13. Rxe7 Nc6 14. Re3
d4 $15) 12... Bb7 13. d6 (13. Qe2 Bf6 (13... Bxd5 14. Nxd5 Qxd5 15. Rd1 Qh5 16.
Re5 Qg6 17. Bg5 $1 $36) 14. Rxc4 exd5 15. Rxc5 d4 16. Ne4 d3 17. Nxf6+ Qxf6 18.
Qe5 $11) 13... Bf6 14. Rxc4 Nd7 $13 {[%csl Rd6]}) 12. Qa4+ Qd7 (12... Kf8 13.
dxe6 Bxe4 14. Nxe4 fxe6 15. Bf4 $44 (15. Bg5 $5)) 13. Qxd7+ Nxd7 14. dxe6 fxe6
15. Rxe6 Kf7 $11 {The pair of bishops compensates for the pawn weaknesses of
Black.} 16. Re2 Bf6 17. Bf4 (17. Ng5+ Kg6 18. Nge4 Bxe4 19. Rxe4 (19. Nxe4 Rhe8
20. Kf1 Bd4 $11) 19... Rhe8 $11) 17... Rhe8 $11 (17... Bxf3 18. gxf3 Rhe8 19.
Ne4 $14) 18. Rxe8 Rxe8 19. Nd2 Nb6 20. Bc7 Nd5 $1 21. Nxc4 Nxc7 22. Nd6+ Kg6
23. Nxb7 Bd4 {[%cal Ye8b8]} 24. Na4 (24. Nd6 $5 Rb8 25. Nd1 Nd5 $44 26. Nc4 (
26. Kf1 Nb4 27. Ke2 Bxb2 $1 28. Nxb2 Nc2 $11) 26... Nb4 27. Kf1 Nd3 28. Ke2
Nxb2 29. Ndxb2 Bxb2 30. Rb1 Re8+ 31. Kd3 Rd8+ 32. Kc2 Bf6 $132 {[%cal Yd8d4]})
24... Re2 25. Nbxc5 Rxf2 26. Nb3 Be3 27. Re1 Re2+ 28. Kf1 Rf2+ 29. Kg1 Re2+ (
29... Ba7 30. Nbc5 (30. Kh1 Nd5 $44 {[%cal Yd5f4]}) 30... Rc2 (30... Rf4 31.
Re7 Rxa4 32. Rxc7 Bxc5+ 33. Rxc5 Rxa2 $11) 31. b4 Rxa2 32. Re7 Rxa4 33. Rxc7
$11) 30. Kf1 Rf2+ 1/2-1/2

[Event "Asia-ch"]
[Site "Kolkata"]
[Date "2001.08.12"]
[Round "4"]
[White "Safin, Shukhrat"]
[Black "Xu, Jun"]
[Result "0-1"]
[WhiteElo "2529"]
[BlackElo "2646"]
[Annotator "Huzman,A"]
[PlyCount "54"]
[EventDate "2001.08.09"]
[EventType "swiss"]
[EventRounds "11"]
[EventCountry "IND"]
[SourceTitle "CBM 085"]
[Source "ChessBase"]
[SourceDate "2001.11.13"]
[SourceVersion "1"]
[SourceVersionDate "2001.11.13"]
[SourceQuality "1"]

1. d4 Nf6 2. c4 e6 3. Nf3 d5 4. Nc3 dxc4 5. e3 a6 6. a4 c5 7. Bxc4 Nc6 8. O-O
Be7 9. Ne5 cxd4 10. Nxc6 bxc6 11. exd4 O-O 12. a5 Bb7 (12... Qc7 13. Qe2 Bb7
14. Be3 Bd6 15. g3 c5 16. Na4 cxd4 17. Bxd4 Bb4 18. Nb6 Rad8 19. Bxf6 Qc6 20.
f3 gxf6 21. Bxa6 Rd2 22. Qc4 Bc5+ {0-1 Tarasova,O-Galliamova Ivanchuk,A/
Katowice 1993/EXT 98 (22)}) 13. Be3 (13. Qb3 Rb8 14. Rd1 c5 15. Bf4 Bd6 16.
dxc5 Bd5 17. Bxd6 Rxb3 18. Nxd5 Rxb2 19. Ne7+ Kh8 20. Nc6 Qa8 21. Ne5 Kg8 22.
Bxf8 Kxf8 23. c6 Qa7 24. Nd3 Rc2 25. Rac1 Rxc1 26. Rxc1 Ne4 27. h3 Nd6 28. Ne5
Ke7 29. Bf1 $44 {1/2-1/2 Skembris,S-Khenkin,I/Bolzano ITA 2000/ (43)}) (13. Bf4
c5 14. dxc5 Bxc5 15. Qxd8 Raxd8 16. Be2 h6 17. Rfc1 {1/2-1/2 Piket,J-Anand,V/
Biel 1993/CBM 37 (17)}) 13... Nd5 14. Ne4 $2 (14. Qg4 $142) 14... Nxe3 15. fxe3
c5 $1 {[%mdl 32]} 16. Nxc5 Bxc5 17. dxc5 Qg5 18. Qe2 Qxc5 $17 {[%csl Ra5,Ra6,
Rb2,Re3]} 19. Rf4 (19. b3 $142 Rfd8) 19... Rad8 $1 {[%cal Yd8d6,Yd6a6,Yd6d2]}
20. b3 Rd6 21. Kh1 Rfd8 $17 {[%mdl 32]} 22. e4 (22. Rf2) 22... Qe5 23. Raf1 f6
24. h3 Kh8 25. Qg4 Bc8 26. Qg3 Rd4 27. Rxf6 $4 {[%mdl 8192]} gxf6 0-1